000
00312nam a22001337a 4500
020
_a
0-220-67004-8
082
_a
658.404 TAY'S
100
_a
TAYLOR, W. J,WATLING, T. F
_9
76316
245
_a
SUCCESSGUL PROJECT MANAGEMENT
250
_a
2nd
260
_a
EUROPE
_b
BUSINESS
_c
1979
300
_a
269P
942
_c
BK
999
_c
581709
_d
581709